Výchova k péči o životní prostředí ve středním odborném školství /

Hlavní autor: Varga, Stanislav
Jazyk: Čeština
Vydáno: Praha : Státní nakladatelství technické literatury, 1979
Vydání: 1. vyd.
Edice: Publikace Výzkumného ústavu odborného školství. Metodické materiály
Fyzický popis: 47 s.
Knihy
Uloženo v:
LEADER 01211nam a22003252a 4500
001 000636459
003 CZ BrMZK
005 20200527063506.0
007 ta
008 021115s1979 xr f cze d
015 |a cnb001234520 
035 |a (OCoLC)7734350 
040 |a BOA001  |b cze  |c BOA001 
080 |a 614.7:37  |2 MRF 
080 |a 37:502.3  |2 MRF 
080 |a 37:614.7  |2 MRF 
080 |a 502.3:37  |2 MRF 
100 1 |a Varga, Stanislav  |7 jx20040727052  |4 aut 
245 1 0 |a Výchova k péči o životní prostředí ve středním odborném školství /  |c Stanislav Varga 
250 |a 1. vyd. 
260 |a Praha :  |b Státní nakladatelství technické literatury,  |c 1979 
300 |a 47 s. 
490 1 |a Publikace Výzkumného ústavu odborného školství. Metodické materiály 
504 |a Obsahuje bibliografii 
830 0 |a Publikace Výzkumného ústavu odborného školství.  |p Metodické materiály 
910 |a BOA001  |b X2-0807.794  |b PK-N-0020.174 
920 |a 000611998 
990 |a BK 
996 6 |b 2619503882  |c X2-0807.794  |l MZK  |r Sklad / do 24 hodin  |n 1  |w 000636459  |u 000010  |a 1  |e BOA001  |j MZK50  |s P 
996 7 |b 3119684250  |c PK-N-0020.174  |l MZK  |r Sklad / do 1 hodiny  |n 0  |w 000636459  |u 000020  |a 1  |e BOA001  |j MZK50  |s A